| 000 | 00618nam a2200157 i 4500 | ||
|---|---|---|---|
| 001 | 23875 | ||
| 003 | ES-MaACL | ||
| 005 | 20230906152942.0 | ||
| 007 | t| | ||
| 008 | 021213s1973 sp ||||1| spa d | ||
| 245 | 0 | 0 | _a450 aniversario de la concesión del título de Ciudad Fidelísima a la villa de Alcudia y del dictado de Fidelísimos a sus moradores. |
| 260 |
_aAlcudia : _bAyuntamiento de Alcudia, _c1973. |
||
| 300 |
_a59 p., 1 lám. ; _c27 cm. |
||
| 740 | 0 | _aCuatrocientos cincuenta aniversario de la concesión del título de Ciudad Fidelísima a la villa de Alcudia... | |
| 852 |
_aES-MaACL _jC-56232 _bR.88801 |
||
| 999 |
_c23875 _d23875 |
||